Idiomas que utilizam o alfabeto cirílico - Statistics

Estatísticas Gerais
  • Esse quiz foi jogado 62 vezes
  • A pontuação média é 7 de 11
Estatísticas das Respostas
% Correto
Russo
98%
Ucraniano
96%
Búlgaro
76%
Sérvio
71%
Bielorrusso
69%
Cazaque
56%
Macedônio
53%
Mongol
49%
Tajique
44%
Quirguiz
31%
Usbeque
13%
Nenhum quiz correspondente encontrado
Distribuição das Pontuações
Porcentagem de Pessoas com Cada Pontuação
Percentil de Números Respondidos
Sua Pontuação Histórica
Você não jogou esse quiz